<?xml version="1.0" encoding="UTF-8"?>
<record
    xmlns:xsi="http://www.w3.org/2001/XMLSchema-instance"
    xsi:schemaLocation="http://www.loc.gov/MARC21/slim http://www.loc.gov/standards/marcxml/schema/MARC21slim.xsd"
    xmlns="http://www.loc.gov/MARC21/slim">

  <leader>02142nas a2200289Ia 4500</leader>
  <controlfield tag="001">R053-S9165</controlfield>
  <controlfield tag="003">IT-CnALBA</controlfield>
  <controlfield tag="008">170116c99999999xx ||||||||||||   ||und||</controlfield>
  <datafield tag="040" ind1=" " ind2=" ">
    <subfield code="a">IT-CnALBA</subfield>
    <subfield code="c">IT-CnALBA</subfield>
  </datafield>
  <datafield tag="041" ind1=" " ind2=" ">
    <subfield code="a">ITALIANO </subfield>
  </datafield>
  <datafield tag="100" ind1=" " ind2=" ">
    <subfield code="a">Masoni Tullio </subfield>
  </datafield>
  <datafield tag="210" ind1=" " ind2=" ">
    <subfield code="a">CINEFORUM</subfield>
  </datafield>
  <datafield tag="222" ind1=" " ind2=" ">
    <subfield code="a">CINEFORUM</subfield>
  </datafield>
  <datafield tag="245" ind1=" " ind2="0">
    <subfield code="a">Cineforum 425. Maggio 2003. Rivista di cultura cinematografica</subfield>
  </datafield>
  <datafield tag="250" ind1=" " ind2=" ">
    <subfield code="a">1a ed.</subfield>
  </datafield>
  <datafield tag="260" ind1=" " ind2=" ">
    <subfield code="a"> BERGAMO</subfield>
    <subfield code="b">Federazione Italiana Cineforum </subfield>
    <subfield code="c">2003 [1&#xB0; Ed.:2003 - Ed.Ling.Originale: 2003]</subfield>
  </datafield>
  <datafield tag="300" ind1=" " ind2=" ">
    <subfield code="a">96 p. </subfield>
  </datafield>
  <datafield tag="310" ind1=" " ind2=" ">
    <subfield code="a">MENSILE</subfield>
  </datafield>
  <datafield tag="362" ind1=" " ind2=" ">
    <subfield code="a">Fascicolo: 5 / Anno: 43 (2003)</subfield>
  </datafield>
  <datafield tag="500" ind1=" " ind2=" ">
    <subfield code="a">Il  pianeta proibito. Solaris trenta anni dopo. I due solaris. Im. Anderson, De Aramoa, Salvatores, Miyazaki, Friedkin, Zhang, Jee, Schrader, Egoyan, Chow. Grimaldi e Pasolini. Il pianista cinefalo, L'Iraq in tv. Schede, Censi R. Ebbro di donne e di pittura di Im Kwon - Taek. Mosca V. La doccia di Zhang Yang. Etc... Filmese, Zanetti A. Costantino J. Marangi M. Soncini A... Lavversario, Secretary, Rachida. Ilaria Albi etc... Inerviste, Morandini M. Giovanni Venosta. Il pianista cinefilo. Festival e Rassegne, D'Angelo F. I corti di Clermont - Ferrand. Tivutargets. Le lune del  cinema. Libri. A cura di E. Comuzio.              '</subfield>
  </datafield>
  <datafield tag="501" ind1=" " ind2=" ">
    <subfield code="a">Societ&#xE0; San Paolo EM - Piazza San Paolo, 14 - 12051 ALBA (CN)  (non commercial uses only) &#xAE; Copyright 2017</subfield>
  </datafield>
  <datafield tag="520" ind1=" " ind2=" ">
    <subfield code="a">Il  pianeta proibito. Solaris trenta anni dopo. I due solaris. Im. Anderson, De Aramoa, Salvatores, Miyazaki, Friedkin, Zhang, Jee, Schrader, Egoyan, Chow. Grimaldi e Pasolini. Il pianista cinefalo, L'Iraq in tv. Schede, Censi R. Ebbro di donne e di pittura di Im Kwon - Taek. Mosca V. La doccia di Zhang Yang. Etc... Filmese, Zanetti A. Costantino J. Marangi M. Soncini A... Lavversario, Secretary, Rachida. Ilaria Albi etc... Inerviste, Morandini M. Giovanni Venosta. Il pianista cinefilo. Festival e Rassegne, D'Angelo F. I corti di Clermont - Ferrand. Tivutargets. Le lune del  cinema. Libri. A cura di E. Comuzio.              '</subfield>
  </datafield>
  <datafield tag="650" ind1=" " ind2=" ">
    <subfield code="a">ARTI RICREATIVE E DELLO SPETTACOLO</subfield>
  </datafield>
  <datafield tag="700" ind1=" " ind2=" ">
    <subfield code="a">Vecchi Paolo</subfield>
  </datafield>
  <datafield tag="942" ind1=" " ind2=" ">
    <subfield code="c">CR</subfield>
  </datafield>
  <datafield tag="957" ind1=" " ind2=" ">
    <subfield code="7">1</subfield>
  </datafield>
  <datafield tag="999" ind1=" " ind2=" ">
    <subfield code="a">79788</subfield>
    <subfield code="b">NO</subfield>
    <subfield code="g">1</subfield>
    <subfield code="c">336227</subfield>
    <subfield code="d">336227</subfield>
  </datafield>
  <datafield tag="952" ind1=" " ind2=" ">
    <subfield code="0">0</subfield>
    <subfield code="1">0</subfield>
    <subfield code="4">0</subfield>
    <subfield code="6">R_053S9165</subfield>
    <subfield code="7">1</subfield>
    <subfield code="a">ALBA</subfield>
    <subfield code="b">ALBA</subfield>
    <subfield code="d">2017-01-16</subfield>
    <subfield code="l">0</subfield>
    <subfield code="o">R053-S9165</subfield>
    <subfield code="r">2017-01-16 00:00:00</subfield>
    <subfield code="w">2017-01-16</subfield>
    <subfield code="y">CR</subfield>
    <subfield code="z">(data import: 16 gennaio 2017) - By Epidotti, Vaglietti. </subfield>
  </datafield>
</record>
